Nelineárne programovanie /
Saved in:
| Main Author: | |
|---|---|
| Format: | Book |
| Language: | Slovak |
| Published: |
Bratislava :
Alfa,
1972
|
| Subjects: | |
| Tags: |
No Tags, Be the first to tag this record!
|
MARC
| LEADER | 00000nam a22000003a 4500 | ||
|---|---|---|---|
| 001 | stu36705 | ||
| 005 | 20150617225728.5 | ||
| 008 | 920617s1972----cs------------------slo-d | ||
| 040 | |a STU |b slo | ||
| 041 | 0 | |a slo | |
| 044 | |a cs | ||
| 080 | |a 519.853 | ||
| 100 | 1 | |a Hamala, Milan |4 aut | |
| 245 | 1 | |a Nelineárne programovanie / |c [aut.]Milan Hamala | |
| 260 | |a Bratislava : |b Alfa, |c 1972 | ||
| 300 | |a 211 s | ||
| 650 | 7 | |a Programovanie nelineárne |2 stusub | |
| 996 | |b 284J016050 |c J*30792 |l JJSK |s A |a 24 |w stu36705_0001 | ||
| 996 | |b 284J016049 |c J*30791 |l JJSK |s A |a 24 |w stu36705_0002 | ||
| 996 | |b M 18313 |c M*2188-3 |l MMKN |s A |a 24 |w stu36705_0003 | ||
| 996 | |b 284M035336 |c M*2188-2 |l MMKN |s A |a 24 |w stu36705_0004 | ||
| 996 | |b 284M035337 |c M*2188-1 |l MMKN |s A |a 24 |w stu36705_0005 | ||